[Event "Rubinstein Memorial-C 55th"]
[Site "Polanica Zdroj"]
[Date "2019.08.24"]
[Round "8"]
[White "Mike, Patryk"]
[Black "Kolodziejski, Piotr"]
[Result "1-0"]
[WhiteElo "1840"]
[BlackElo "1701"]
[PlyCount "59"]
[EventDate "2019.08.17"]
[EventType "swiss"]
[EventRounds "9"]
[EventCountry "POL"]
[SourceTitle "EXT 2020"]
[Source "ChessBase"]
[SourceDate "2019.10.17"]
[SourceVersion "1"]
[SourceVersionDate "2019.10.17"]
[SourceQuality "1"]

1. e4 c5 2. Nf3 e6 3. c4 Nc6 4. Nc3 e5 5. d3 Nf6 6. Be2 d6 7. 0-0 g6 8. Ne1 Bg7 9. f4 Nd4 10. Nc2 Nxe2+ 11. Qxe2 Bg4 12. Qf2 exf4 13. Bxf4 Nh5 14. Bd2 Be6 15. Nd5 0-0 16. Bc3 Bxc3 17. Nxc3 Qg5 18. Qe3 Qe5 19. Rae1 Nf6 20. Qd2 Ng4 21. g3 h5 22. Ne3 Qg5 23. Rf4 Ne5 24. Ref1 Kg7 25. Ned5 Bg4 26. Rxf7+ Nxf7 27. Rxf7+ Rxf7 28. Qxg5 Raf8 29. Nf4 Rf6 30. Ncd5 1-0

[Event "Rubinstein Memorial-C 54th"]
[Site "Polanica Zdroj"]
[Date "2018.08.22"]
[Round "5"]
[White "Mike, Patryk"]
[Black "Wnek, Filip"]
[Result "1/2-1/2"]
[WhiteElo "1981"]
[BlackElo "1695"]
[PlyCount "130"]
[EventDate "2018.08.18"]
[EventType "swiss"]
[EventRounds "9"]
[EventCountry "POL"]
[SourceTitle "EXT 2020"]
[Source "ChessBase"]
[SourceDate "2019.10.17"]
[SourceVersion "1"]
[SourceVersionDate "2019.10.17"]
[SourceQuality "1"]

1. e4 c5 2. Nf3 Nc6 3. Bb5 e6 4. 0-0 Nge7 5. c3 a6 6. Ba4 b5 7. Bc2 Bb7 8. Re1 Ng6 9. d3 Be7 10. Nbd2 0-0 11. Nf1 d5 12. d4 cxd4 13. Nxd4 Nxd4 14. Qxd4 dxe4 15. Bxe4 Qxd4 16. cxd4 Bxe4 17. Rxe4 Rfd8 18. Nd2 Rd5 19. Nf3 Rad8 20. b3 Bf6 21. Bb2 Ne7 22. Rc1 h6 23. g4 b4 24. Kf1 Ra5 25. Ra1 Nc6 26. Ke2 Rd6 27. Ke3 Bd8 28. Ne5 Rad5 29. Nxc6 Rxc6 30. Rc1 Rxc1 31. Bxc1 Bb6 32. Kd3 Ra5 33. Re2 Rd5 34. Be3 Kf8 35. Rc2 a5 36. Rc6 Bd8 37. Kc4 Ke7 38. Rc5 Rd7 39. g5 hxg5 40. Rxg5 g6 41. Rc5 f6 42. Rc6 Rd5 43. Rc5 Rd7 44. h4 Bb6 45. Rb5 Bd8 46. d5 exd5+ 47. Rxd5 Rxd5 48. Kxd5 Kd7 49. Bd4 f5 50. h5 gxh5 51. Ke5 h4 52. f4 Kc6 53. Kxf5 h3 54. Bg1 Kd5 55. Kg4 Ke4 56. f5 Ke5 57. Bh2+ Kf6 58. Bd6 Bb6 59. Kxh3 Kxf5 60. a3 bxa3 61. Bxa3 Ke4 62. Kg2 Kd3 63. Kf1 Kc3 64. Ke1 Kxb3 65. Be7 Kc2 1/2-1/2

[Event "Krakow op-B 28th"]
[Site "Krakow"]
[Date "2017.12.28"]
[Round "2"]
[White "Mike, Patryk"]
[Black "Janus, Przemyslaw"]
[Result "1/2-1/2"]
[WhiteElo "1964"]
[BlackElo "2071"]
[PlyCount "81"]
[EventDate "2017.12.27"]
[EventType "swiss"]
[EventRounds "9"]
[EventCountry "POL"]
[SourceTitle "CBM 182 Extra"]
[Source "ChessBase"]
[SourceDate "2018.02.23"]
[SourceVersion "1"]
[SourceVersionDate "2018.02.23"]
[SourceQuality "1"]

1. e4 e5 2. Nf3 Nc6 3. Bb5 d6 4. d4 exd4 5. Nxd4 Bd7 6. 0-0 Be7 7. Be3 Bf6 8. c4 Nge7 9. Nc3 0-0 10. f4 Re8 11. Qd3 a6 12. Ba4 Nxd4 13. Bxd7 Ne2+ 14. Nxe2 Qxd7 15. Bd4 Bxd4+ 16. Nxd4 Nc6 17. Rae1 Nxd4 18. Qxd4 Re7 19. Rf3 Rae8 20. Rfe3 g6 21. Kf2 Qa4 22. Kf3 b5 23. Rc1 f5 24. Qd5+ Kf8 25. Ra3 Qb4 26. Rb3 Qa5 27. exf5 Qxa2 28. Rcc3 bxc4 29. Qxc4 gxf5 30. Kg3 Qb1 31. Rc1 Re3+ 32. Rxe3 Rxe3+ 33. Kf2 Re4 34. Qxc7 Qxb2+ 35. Kg1 Qd4+ 36. Kh1 Qc5 37. Qd8+ Kf7 38. Rd1 Re7 39. h3 a5 40. Qh8 a4 41. Qxh7+ 1/2-1/2

[Event "EU-ch U14 27th"]
[Site "Mamaia"]
[Date "2017.09.11"]
[Round "6"]
[White "Mike, Patryk"]
[Black "Bilych, Olexiy"]
[Result "1/2-1/2"]
[WhiteElo "1881"]
[BlackElo "2075"]
[PlyCount "122"]
[EventDate "2017.09.05"]
[EventType "swiss"]
[EventRounds "9"]
[EventCountry "ROU"]
[SourceTitle "CBM 180 Extra"]
[Source "ChessBase"]
[SourceDate "2017.10.06"]
[SourceVersion "1"]
[SourceVersionDate "2017.10.06"]
[SourceQuality "1"]

1. e4 e5 2. Nf3 Nc6 3. Bb5 a6 4. Ba4 Nf6 5. 0-0 Be7 6. Re1 b5 7. Bb3 d6 8. c3 0-0 9. h3 Na5 10. Bc2 c5 11. d4 Qc7 12. d5 Nd7 13. b3 Nb6 14. g4 Bd7 15. Nbd2 c4 16. Nf1 Nb7 17. Bd2 a5 18. Ne3 Rfc8 19. Qe2 Bf8 20. Rec1 Nc5 21. Ne1 cxb3 22. axb3 a4 23. b4 Nb3 24. Bxb3 axb3 25. Rxa8 Rxa8 26. Rb1 Ra2 27. Rxb3 Nc4 28. N1c2 g6 29. Rb1 Nxd2 30. Qxd2 Bh6 31. Qd3 Kg7 32. Kf1 Qd8 33. Ra1 Qa8 34. Rxa2 Qxa2 35. Kg2 Qb1 36. Qd1 Qb3 37. Qa1 Kf8 38. Kf3 Bxe3 39. Nxe3 Ke7 40. Ke2 h6 41. Kd2 Kf6 42. h4 Ke7 43. g5 h5 44. Qf1 Qa2+ 45. Nc2 Qa7 46. f4 Qb6 47. f5 Be8 48. fxg6 fxg6 49. Qf6+ Kd7 50. Kc1 Qg1+ 51. Kb2 Qg4 52. c4 bxc4 53. b5 Qh3 54. Na1 Qg2+ 55. Kc3 Qxe4 56. Qe6+ Kd8 57. Qxd6+ Bd7 58. Qf8+ Be8 59. Qf6+ Kc8 60. Qa6+ Kd8 61. Qa8+ Kd7 1/2-1/2

[Event "Kochan Memorial op 27th"]
[Site "Koszalin"]
[Date "2016.08.14"]
[Round "8"]
[White "Mike, Patryk"]
[Black "Lopuszanski, Kamil"]
[Result "1/2-1/2"]
[WhiteElo "1877"]
[BlackElo "1991"]
[PlyCount "45"]
[EventDate "2016.08.08"]
[EventType "swiss"]
[EventRounds "9"]
[EventCountry "POL"]
[SourceTitle "CBM 173 Extra"]
[Source "ChessBase"]
[SourceDate "2016.08.29"]
[SourceVersion "1"]
[SourceVersionDate "2016.08.29"]
[SourceQuality "1"]

1. e4 e6 2. d4 d5 3. e5 c5 4. c3 Nc6 5. Nf3 Bd7 6. a3 f6 7. exf6 Nxf6 8. b4 cxd4 9. cxd4 Bd6 10. Bb2 0-0 11. Bd3 Nh5 12. 0-0 Nf4 13. g3 Nxd3 14. Qxd3 Qf6 15. Nbd2 Be8 16. Qe3 a5 17. bxa5 Rxa5 18. Ne5 Bxe5 19. dxe5 Qf5 20. Nb3 Bh5 21. f4 Rb5 22. Nd4 Nxd4 23. Bxd4 1/2-1/2

[Event "Kochan Memorial op 27th"]
[Site "Koszalin"]
[Date "2016.08.12"]
[Round "6"]
[White "Bilczewski, Kacper"]
[Black "Mike, Patryk"]
[Result "1-0"]
[WhiteElo "2080"]
[BlackElo "1877"]
[PlyCount "99"]
[EventDate "2016.08.08"]
[EventType "swiss"]
[EventRounds "9"]
[EventCountry "POL"]
[SourceTitle "CBM 173 Extra"]
[Source "ChessBase"]
[SourceDate "2016.08.29"]
[SourceVersion "1"]
[SourceVersionDate "2016.08.29"]
[SourceQuality "1"]

1. e4 c6 2. d3 d5 3. Nd2 g6 4. g3 e5 5. Bg2 Bg7 6. Ne2 Ne7 7. 0-0 0-0 8. f4 Qb6+ 9. Kh1 Bg4 10. fxe5 Bxe5 11. exd5 cxd5 12. Nf3 Bg7 13. d4 Nd7 14. c3 Nf5 15. Nf4 Nf6 16. Qb3 Qxb3 17. axb3 Ne4 18. Nxd5 Nexg3+ 19. hxg3 Nxg3+ 20. Kg1 Nxf1 21. Kxf1 a6 22. Bf4 Rad8 23. Nb6 Bxf3 24. Bxf3 Bxd4 25. cxd4 Rxd4 26. Be5 Rd3 27. Ke2 Rxb3 28. Nd5 Rd8 29. Nf6+ Kf8 30. Nxh7+ Ke8 31. Bc3 Rd6 32. Nf6+ Kd8 33. Ne4 Re6 34. Kf2 Rb5 35. Rd1+ Ke7 36. Ng3 b6 37. Be2 Rg5 38. Bxa6 b5 39. Bb7 Rb6 40. Bb4+ Ke8 41. Bc8 Re5 42. Bd7+ Kd8 43. Ba5 Kc7 44. Bxb6+ Kxb6 45. Bg4 Rc5 46. Rd2 f5 47. Bf3 g5 48. Bd5 Rc8 49. Nxf5 Rf8 50. Be4 1-0

[Event "Kochan Memorial op 27th"]
[Site "Koszalin"]
[Date "2016.08.11"]
[Round "5"]
[White "Przerwa, Waldemar"]
[Black "Mike, Patryk"]
[Result "0-1"]
[WhiteElo "1799"]
[BlackElo "1877"]
[PlyCount "88"]
[EventDate "2016.08.08"]
[EventType "swiss"]
[EventRounds "9"]
[EventCountry "POL"]
[SourceTitle "CBM 173 Extra"]
[Source "ChessBase"]
[SourceDate "2016.08.29"]
[SourceVersion "1"]
[SourceVersionDate "2016.08.29"]
[SourceQuality "1"]

1. e4 e5 2. Nf3 Nc6 3. Bb5 a6 4. Ba4 Nf6 5. 0-0 b5 6. Bb3 Be7 7. Re1 d6 8. c3 0-0 9. h3 Nb8 10. d4 Nbd7 11. Nbd2 Bb7 12. a4 c5 13. axb5 axb5 14. Rxa8 Qxa8 15. d5 Qa1 16. Nf1 c4 17. Bc2 Rb8 18. g4 Nc5 19. Ng3 g6 20. g5 Nfd7 21. h4 Na4 22. Bxa4 Qxa4 23. Qe2 Nc5 24. h5 Nd3 25. hxg6 hxg6 26. Rf1 Kg7 27. Nf5+ gxf5 28. exf5 Nxc1 29. Rxc1 f6 30. Nh2 Rh8 31. gxf6+ Bxf6 32. Qg4+ Kf8 33. Kf1 Rxh2 34. Qg6 Rh1+ 35. Ke2 Ke7 36. Qg8 Rxc1 37. Qe6+ Kd8 38. Qxf6+ Kc7 39. Qe7+ Kb8 40. Qxd6+ Ka8 41. Qf8+ Ka7 42. Qc5+ Kb8 43. Qf8+ Bc8 44. Qd6+ Ka8 0-1

[Event "Kochan Memorial op 27th"]
[Site "Koszalin"]
[Date "2016.08.10"]
[Round "3"]
[White "Mike, Patryk"]
[Black "Lisinski, Henryk"]
[Result "1/2-1/2"]
[WhiteElo "1877"]
[BlackElo "1850"]
[PlyCount "103"]
[EventDate "2016.08.08"]
[EventType "swiss"]
[EventRounds "9"]
[EventCountry "POL"]
[SourceTitle "CBM 173 Extra"]
[Source "ChessBase"]
[SourceDate "2016.08.29"]
[SourceVersion "1"]
[SourceVersionDate "2016.08.29"]
[SourceQuality "1"]

1. e4 e5 2. Nf3 Nc6 3. Bb5 a6 4. Ba4 Nf6 5. 0-0 Be7 6. Re1 b5 7. Bb3 d6 8. c3 0-0 9. h3 Bb7 10. d4 h6 11. Nbd2 Re8 12. Nf1 Bf8 13. Ng3 Na5 14. Bc2 g6 15. b3 Kh7 16. Nh2 Bg7 17. Bb2 Nc6 18. d5 Nb8 19. c4 c6 20. Qe2 cxd5 21. cxd5 Nbd7 22. Bc1 Rc8 23. Be3 Rc7 24. Rec1 Qb8 25. Bd3 Rxc1+ 26. Rxc1 Rc8 27. Qd2 Rxc1+ 28. Qxc1 Qc8 29. Qxc8 Bxc8 30. b4 h5 31. Nf3 Ne8 32. Ng5+ Kg8 33. Nf1 Bh6 34. Bc2 f6 35. Ne6 Bxe3 36. Nxe3 Nb6 37. g4 hxg4 38. hxg4 Kf7 39. Bb3 Ke7 40. Kg2 Na4 41. f4 exf4 42. Nxf4 g5 43. Ne6 Nb2 44. Nf5+ Kd7 45. Kf3 Nd3 46. a3 Ne5+ 47. Kg3 Bb7 48. Nfd4 Nc7 49. Bc2 Nxe6 50. Nxe6 Ke7 51. Nd4 Bc8 52. Bd1 1/2-1/2

[Event "POL-ch U12"]
[Site "Suwalki"]
[Date "2015.04.11"]
[Round "5.12"]
[White "Kutylo, Konrad"]
[Black "Mike, Patryk"]
[Result "0-1"]
[WhiteElo "1287"]
[BlackElo "1583"]
[PlyCount "110"]
[EventDate "2015.04.08"]
[EventType "swiss"]
[EventRounds "9"]
[EventCountry "POL"]
[SourceTitle "EXT 2023"]
[Source "ChessBase"]
[SourceDate "2022.10.05"]
[SourceVersion "1"]
[SourceVersionDate "2022.10.05"]
[SourceQuality "1"]

1. e4 e5 2. Nf3 Nc6 3. Nc3 Nf6 4. d4 exd4 5. Nxd4 d6 6. Bb5 Bd7 7. Bxc6 bxc6 8. h3 c5 9. Nf3 Bc6 10. 0-0 Nd7 11. Re1 Be7 12. Nd5 0-0 13. c4 Bxd5 14. exd5 Bf6 15. Rb1 Nb6 16. b3 Qd7 17. Qd3 h6 18. Bb2 Bxb2 19. Rxb2 Rfe8 20. Rbe2 Rxe2 21. Rxe2 Re8 22. Re4 Nc8 23. Qe2 Re7 24. Kf1 Kf8 25. Ke1 Qe8 26. Rxe7 Qxe7 27. Qxe7+ Nxe7 28. Kd2 c6 29. dxc6 Nxc6 30. Kc3 Ke7 31. a3 a5 32. Ng1 Ke6 33. Ne2 Kf5 34. Kd3 Ne7 35. Ng3+ Ke5 36. Ne2 f5 37. f3 f4 38. Kc3 Kf6 39. Nc1 Nf5 40. Nd3 Ke6 41. Ne1 Ne3 42. Kd3 d5 43. cxd5+ Kxd5 44. a4 c4+ 45. Kc3 cxb3 46. Kxb3 Kd4 47. Nc2+ Nxc2 48. Kxc2 Ke3 49. Kc3 Kf2 50. Kc4 Kxg2 51. Kb5 Kxf3 52. Kxa5 Kg3 53. Kb6 f3 54. a5 f2 55. a6 f1Q 0-1

[Event "POL-ch U12"]
[Site "Suwalki"]
[Date "2015.04.10"]
[Round "4.5"]
[White "Mike, Patryk"]
[Black "Golenia, Wojciech"]
[Result "0-1"]
[WhiteElo "1583"]
[BlackElo "1796"]
[PlyCount "100"]
[EventDate "2015.04.08"]
[EventType "swiss"]
[EventRounds "9"]
[EventCountry "POL"]
[SourceTitle "EXT 2023"]
[Source "ChessBase"]
[SourceDate "2022.10.05"]
[SourceVersion "1"]
[SourceVersionDate "2022.10.05"]
[SourceQuality "1"]

1. e4 e6 2. d4 d5 3. e5 c5 4. c3 Nc6 5. Nf3 Qb6 6. a3 Bd7 7. b4 cxd4 8. cxd4 Nge7 9. Nc3 Nf5 10. Na4 Qc7 11. Bb2 Be7 12. Rc1 a6 13. Bd3 0-0 14. Bxf5 exf5 15. 0-0 Rfc8 16. Qb3 b6 17. Nc3 Qd8 18. Nxd5 Be6 19. Nxe7+ Nxe7 20. Qe3 Bc4 21. Rfd1 Nd5 22. Qd2 h6 23. g3 Qd7 24. Ne1 f4 25. Nd3 f3 26. Kh1 Qh3 27. Rg1 g5 28. Bc3 Rc7 29. a4 Rac8 30. Bb2 Bxd3 31. Qxd3 Rxc1 32. Bxc1 Rxc1 33. Qxf3 Rxg1+ 34. Kxg1 Qd7 35. Qb3 Nc7 36. Qc4 b5 37. axb5 axb5 38. Qd3 Qd5 39. Qc3 Ne6 40. h4 Qxd4 41. Qxd4 Nxd4 42. hxg5 hxg5 43. f4 g4 44. Kf2 Nc2 45. f5 Nxb4 46. Ke3 Nc6 47. e6 fxe6 48. fxe6 b4 49. Kd3 Kf8 50. Kc4 Ke7 0-1

[Event "POL Olympiad U12"]
[Site "Spala"]
[Date "2014.12.30"]
[Round "2.21"]
[White "Janczak, Dominik"]
[Black "Mike, Patryk"]
[Result "0-1"]
[WhiteElo "1336"]
[BlackElo "1463"]
[PlyCount "172"]
[EventDate "2014.04.06"]
[EventType "swiss"]
[EventRounds "9"]
[EventCountry "POL"]
[SourceTitle "EXT 2023"]
[Source "ChessBase"]
[SourceDate "2022.10.05"]
[SourceVersion "1"]
[SourceVersionDate "2022.10.05"]
[SourceQuality "1"]

1. c4 e5 2. g3 Nf6 3. Bg2 d5 4. cxd5 Nxd5 5. Nc3 Nb6 6. Nf3 Nc6 7. 0-0 Be7 8. d3 0-0 9. Be3 Be6 10. d4 exd4 11. Nxd4 Nxd4 12. Qxd4 Qxd4 13. Bxd4 c6 14. a3 Rfd8 15. Rfd1 Bb3 16. Bxb6 Rxd1+ 17. Nxd1 axb6 18. Be4 Bf6 19. Nc3 Bc4 20. Bf3 Kf8 21. Kf1 Ke7 22. Ke1 Bb3 23. h4 Rd8 24. Be4 b5 25. Rc1 h6 26. Bc2 Bxc3+ 27. bxc3 Bxc2 28. Rxc2 Ra8 29. Ra2 Kd6 30. Kd2 Kc5 31. Kd3 Rd8+ 32. Kc2 Kc4 33. Rb2 c5 34. h5 b6 35. g4 Ra8 36. Rb3 Re8 37. e3 Re4 38. a4 bxa4 39. Rxb6 Rxg4 40. Ra6 Kb5 41. Ra7 f6 42. Kb2 Kb6 43. Ra8 Rg2 44. Rxa4 Rxf2+ 45. Kb3 Rg2 46. Re4 Rg5 47. Re7 Kc6 48. Kc4 Rg4+ 49. Kd3 Kd6 50. Ra7 Rg5 51. c4 Ke6 52. Ke4 Kd6 53. Ra6+ Ke7 54. Ra7+ Kf8 55. Ra8+ Kf7 56. Rd8 Rxh5 57. Rd7+ Kg6 58. Rd5 Rg5 59. Rxg5+ Kxg5 60. Kd5 h5 61. Kxc5 h4 62. Kd6 h3 63. c5 h2 64. c6 h1Q 65. c7 Qd1+ 66. Ke7 Qc2 67. Kd8 Qd3+ 68. Kc8 Qf5+ 69. Kb8 Qe5 70. Kb7 Qb5+ 71. Ka8 Qa6+ 72. Kb8 Kf5 73. c8B+ Qxc8+ 74. Kxc8 g5 75. Kd7 g4 76. Kd6 Ke4 77. Ke6 g3 78. Kxf6 g2 79. Ke6 g1Q 80. Kd6 Qxe3 81. Ke6 Qb6+ 82. Ke7 Ke5 83. Kf7 Qf6+ 84. Kg8 Qe7 85. Kh8 Kf6 86. Kg8 Qg7# 0-1

[Event "POL Olympiad U12"]
[Site "Spala"]
[Date "2014.12.30"]
[Round "7.3"]
[White "Mike, Patryk"]
[Black "Lis, Mateusz"]
[Result "0-1"]
[WhiteElo "1463"]
[BlackElo "1846"]
[PlyCount "64"]
[EventDate "2014.04.06"]
[EventType "swiss"]
[EventRounds "9"]
[EventCountry "POL"]
[SourceTitle "EXT 2023"]
[Source "ChessBase"]
[SourceDate "2022.10.05"]
[SourceVersion "1"]
[SourceVersionDate "2022.10.05"]
[SourceQuality "1"]

1. e4 c5 2. Nf3 Nc6 3. d4 cxd4 4. Nxd4 Nf6 5. Nc3 d6 6. Bg5 e6 7. Qd2 Be7 8. f3 a6 9. Be3 Nxd4 10. Qxd4 0-0 11. 0-0-0 b5 12. g4 Qc7 13. h4 Nd7 14. f4 Rb8 15. Kb1 Nc5 16. f5 b4 17. Ne2 e5 18. Qc4 Bd7 19. Bxc5 dxc5 20. Qd3 Bb5 21. Qf3 c4 22. c3 Qa5 23. cxb4 Bxb4 24. a3 Bd2 25. Ka2 Ba4 26. Ra1 Bb3+ 27. Kb1 Qb6 28. Nc3 Bc2+ 29. Kxc2 Qxb2+ 30. Kd1 Bxc3 31. Ra2 Qb1+ 32. Ke2 Qe1# 0-1

[Event "Gryfice Region-ch 11th"]
[Site "Gryfice"]
[Date "2013.11.16"]
[Round "7"]
[White "Mike, Patryk"]
[Black "Smieszek, Wojciech"]
[Result "1/2-1/2"]
[WhiteElo "1352"]
[BlackElo "1887"]
[PlyCount "128"]
[EventDate "2013.11.09"]
[EventType "swiss"]
[EventRounds "9"]
[EventCountry "POL"]
[SourceTitle "EXT 2023"]
[Source "ChessBase"]
[SourceDate "2022.10.05"]
[SourceVersion "1"]
[SourceVersionDate "2022.10.05"]
[SourceQuality "1"]

1. e4 c5 2. Nf3 Nc6 3. d4 cxd4 4. Nxd4 g6 5. c4 Nf6 6. Nc3 Nxd4 7. Qxd4 d6 8. Be2 Bg7 9. 0-0 0-0 10. Qd3 Be6 11. Bf3 Rc8 12. b3 Nd7 13. Bb2 Ne5 14. Qe3 Bxc4 15. bxc4 Nxc4 16. Qxa7 Nxb2 17. Nd5 e6 18. Ne3 Nc4 19. Rac1 Nd2 20. Rfd1 Nxf3+ 21. gxf3 Qg5+ 22. Kh1 Qh5 23. Qxb7 Qxf3+ 24. Kg1 Rb8 25. Qc6 Bh6 26. Re1 Rb2 27. Rc2 Bxe3 28. Rxb2 Bf4 29. Rb3 Bxh2+ 30. Kf1 Qf4 31. Qc3 Ra8 32. Kg2 d5 33. exd5 Ra4 34. Qc8+ Kg7 35. Qc3+ e5 36. Qe3 Rxa2 37. Qxf4 Bxf4 38. Rd3 Ra7 39. d6 Rd7 40. Rb1 Kf6 41. Rb6 Ke6 42. Rd1 f5 43. Rc6 e4 44. Rc7 Rxc7 45. dxc7 Bxc7 46. Rh1 h5 47. Re1 Kf6 48. Rc1 Be5 49. Rc6+ Kg5 50. Re6 Bg7 51. Kg3 f4+ 52. Kg2 Kf5 53. Ra6 g5 54. Ra7 Bf6 55. Ra5+ Be5 56. f3 g4 57. fxe4+ Kxe4 58. Ra4+ Bd4 59. Ra5 h4 60. Rg5 h3+ 61. Kh1 g3 62. Rxg3 f3 63. Rxh3 Ke3 64. Rxf3+ Kxf3 1/2-1/2

[Event "POL-ch U10"]
[Site "Szczyrk"]
[Date "2013.03.04"]
[Round "6"]
[White "Mike, Patryk"]
[Black "Kabacinski, Krzysztof"]
[Result "1/2-1/2"]
[WhiteElo "1316"]
[BlackElo "1522"]
[PlyCount "77"]
[EventDate "2013.03.04"]
[EventType "swiss"]
[EventRounds "9"]
[EventCountry "POL"]
[SourceTitle "EXT 2023"]
[Source "ChessBase"]
[SourceDate "2022.10.05"]
[SourceVersion "1"]
[SourceVersionDate "2022.10.05"]
[SourceQuality "1"]

1. d4 d5 2. c4 c6 3. Nf3 Nf6 4. Nc3 e6 5. Bg5 Be7 6. e3 a6 7. a4 Nbd7 8. Be2 0-0 9. 0-0 h6 10. Bxf6 Nxf6 11. c5 b6 12. cxb6 Qxb6 13. Qc2 Bd7 14. h3 Rfb8 15. Rfb1 a5 16. Ne5 Be8 17. Nf3 Qb3 18. Qxb3 Rxb3 19. Nd2 Rb6 20. b3 Bb4 21. Rc1 Rab8 22. Rc2 Rc8 23. f3 Kf8 24. Kf2 g6 25. Rb1 Rcb8 26. g4 Bd7 27. Bd1 Ke7 28. Na2 Ne8 29. Nxb4 Rxb4 30. Be2 Nd6 31. Rbc1 R4b6 32. Bd3 Rb4 33. Rc3 Kf8 34. Kf1 R4b6 35. Kf2 Rb4 36. Kf1 R4b6 37. Kf2 Rb4 38. Kf1 R4b6 39. Kf2 1/2-1/2